000 00314nam a2200157Ia 4500
100 _aADAIR/JOHN
942 _cBK
366 _f17.5
654 _amotivation
245 _aEffective Motivation
260 _bPan Books
_c1996
082 _a658.314/ADA
_bADA
300 _a244
546 _aENGLISH
999 _c25178
_d25178